00000000nam 2200000zi 4500
0019.949592
003CaOODSP
00520250818113119
006m     o  d f      
007cr mn|||||||||
008250327e20250218quc     o    f000 0 fre d
020 |a9780660766980
040 |aCaOODSP|bfre|erda|cCaOODSP
0410 |afre|beng|bfre
043 |an-cn---
0861 |aCH4-211/2025F-PDF
24504|aLes expériences sportives des communautés de langue officielle en situation minoritaire (CLOSM) : |brapport final / |cpréparé pour Sport Canada.
24617|aRapport final : |bles expériences sportives des communautés de langue officielle en situation minoritaire (CLOSM)
264 1|aGatineau (Québec) : |bPatrimoine canadien = Canadian Heritage, |c2025-02-18.
264 4|c©2025
300 |a1 ressource en ligne (40 pages non numérotées)
336 |atexte|btxt|2rdacontent/fre
337 |ainformatique|bc|2rdamedia/fre
338 |aressource en ligne|bcr|2rdacarrier/fre
500 |aTitre de la couverture.
500 |a« Numéro du contrat C1111-24-0342/CW2383439. »
500 |a« Nom du fournisseur Vox Pop Labs Inc. »
500 |a« Numéro ROP 077-24. »
500 |aPublié aussi en anglais sous le titre : Study on the sport experiences of Official Language Minority Communities (OLMCs) : final report.
520 |a« Les objectifs précis de cette étude étaient les suivants : recueillir des données pertinentes en temps opportun afin de permettre à Sport Canada de comprendre les perceptions des communautés de langue officielle en situation minoritaire (CLOSM) à l'égard du sport; recueillir des données qui permettront de mieux comprendre l'opinion des Canadiens sur les questions plus générales relatives à la politique sur les langues officielles et à la prise de décisions en matière de financement » -- Sommaire exécutif, page [5].
546 |aComprend un questionnaire en anglais et en français.
650 6|aPolitique linguistique|zCanada|xOpinion publique.
650 6|aMinorités dans les sports|zCanada|xOpinion publique.
650 6|aMinorités linguistiques|zCanada|xAttitudes.
650 6|aOpinion publique|zCanada.
7102 |aSport Canada, |eorganisme de publication.
7102 |aVox Pop Labs Inc., |econsultant.
77508|tStudy on the sport experiences of Official Language Minority Communities (OLMCs) : |w(CaOODSP)9.949591
85640|qPDF|s641 Ko|uhttps://publications.gc.ca/collections/collection_2025/pch/CH4-211-2025-fra.pdf|zRapport final
8564 |qHTML|sS.O.|uhttps://epe.bac-lac.gc.ca/100/200/301/pwgsc-tpsgc/por-ef/canadian_heritage/2025/077-24-f/077-24-rapport.html|zRapport final
8564 |qHTML|sS.O.|uhttps://epe.bac-lac.gc.ca/100/200/301/pwgsc-tpsgc/por-ef/canadian_heritage/2025/077-24-f/index.html|zEnsemble complet de données